000 00767nam a2200265Ia 4500
003 OSt
005 20220918193221.0
006 a|||||r|||| 00| 0
007 ta
008 220917b |||||||| |||| 00| 0 eng d
024 _a72,294
037 _cTextual
040 _aARTS
_cARTS
_beng
041 _2eng
_aeng
082 _aR43, N0
100 _aSchonbach Peter
_981264
245 0 _aAccount episodes
_b the management or escalation of conflict
260 _aCambridge
_bCUP
_c1990
300 _aix,222p. figs, tables
_ccm.
490 _aEuropean monographs in social psychology
500 _aAppendix 188-203p; Includes index
650 _aSOCIAL ETHICS
_9763
942 _hR43, N0
_cTEXL
_2CC
999 _c198298
_d198298